Disable youth: from school to work

Bewaard in:
Bibliografische gegevens
Coauteur: Centre for Educational Research and Innovation (Auteur)
Formaat: Boek
Taal:Engels
Gepubliceerd in: París OECD 1991
Onderwerpen:
Tags: Voeg label toe
Geen labels, Wees de eerste die dit record labelt!

MARC

LEADER 00000nam a2200000 a 4500
001 UCH2858
003 CL-VaPUC
008 090702e19910000FR |||||||||||||||||eng|d
020 |a 9264134484 
082 0 4 |a 371.91  |b CEN  |2 21 
110 2 |a Centre for Educational Research and Innovation  |e author  |9 537914 
245 1 0 |a Disable youth: from school to work 
300 |a 70 p 
942 |c BK 
945 |d 20090702 00:00:00  |a rbrito 
260 |a París  |b OECD  |c 1991 
650 0 |a Educación especial  |9 307486 
650 7 |a DISCAPACITADOS  |2 CL-VaPUC  |9 485708 
650 0 |a Rehabilitación  |9 307382 
583 |a last modification  |c 20090702 00:00:00  |k Rodrigo Vera 
999 |c 334529  |d 334527 
952 |0 0  |1 0  |4 0  |6 371_910000000000000_CEN_1991  |7 0  |8 A  |9 423622  |a BIBGIM  |b BIBGIM  |d 2019-11-22  |i 4569474  |o 371.91 CEN 1991  |p 4569474  |r 2025-01-15  |w 2019-11-22  |y BK  |k GIM